The Life and Work of Marilyn Monroe - Statistics

General Stats
  • This quiz has been taken 10 times
  • The average score is 13 of 20
Answer Stats
Question Answer % Correct
Which film saw her standing over a subway grate in a white dress? The Seven Year Itch
100%
What was her real name at the time of her birth in 1926? {Norma} Jean Mortensen/Baker
100%
Which writer did she marry in 1956, and get divorced from in 1961? Arthur Miller
89%
What did she sing to President John F. Kennedy in May 1962? Happy Birthday
89%
Who was she married to for about nine months in 1954? Joe DiMaggio
89%
Which perfume did she claim was all she that wore in bed? Chanel No.5
78%
Truman Capote lobbied for her to play Holly Golightly in which film? Breakfast at Tiffany's
78%
In 1953 she was the centrefold in which magazine’s first issue? Playboy
78%
In which city was she found dead in August 1962? Los Angeles
78%
How many times was she married, altogether, in her life? three times
78%
She won a Golden Globe for playing Sugar Kane in which film? Some Like It Hot
67%
In which 1953 film did she sing Diamonds Are a Girl's Best Friend? Gentlemen Prefer Blondes
56%
Where did she study under Lee Strasberg during much of 1955? The Actors{Studio}
56%
Which 1961 contemporary western was her last completed film? The Misfits
44%
Which British actor was her co-star in The Prince and the Showgirl? Laurence Olivier
44%
What was she holding in her hand when she died? a telephone receiver
33%
She was born, and spent her early life, in which US state? California
33%
In which 1956 film did she play Chérie, a saloon singer whose dreams of stardom are complicated by a naïve cowboy who falls in love with her? Bus Stop
33%
In which 1950 film noir did she play Angela Phinlay? The Asphalt Jungle
22%
She established Marilyn Monroe Productions with which photographer friend? Milton Greene
22%
No matching quizzes found
Score Distribution
Percent of People with Each Score
Percentile by Number Answered
Your Score History
You have not taken this quiz